000 00246nam a2200109Ia 4500
008 220204s9999 xx 000 0 und d
082 _a82-3
_bCOL
100 _aCollins, Jack
245 0 _aChances
260 _aNew York
_bWarner
_c1981
942 _cBK
999 _c38574
_d38574